| 000 | 00796nam a2200217Ia 4500 | ||
|---|---|---|---|
| 001 | 14656 | ||
| 003 | GE_BSU | ||
| 008 | 181216s||||||||xx |||||||||||||| ||und|| | ||
| 020 | _a5511004944 | ||
| 040 | _cGE_BSU | ||
| 080 | _a821.353.1-32 | ||
| 100 | _aკლდიაშვილი,დავით | ||
| 245 | _aსამი მოთხრობა | ||
| 245 | _cრედ.თ.კიკაჩეიშვილი. შეადგ. წინასიტყვ. და ლექსიკონი დაურთო ბეჯან ბარდაველიძემ | ||
| 260 | _aთბილისი | ||
| 260 | _bთბილისის უნ-ტის გამ-ბა | ||
| 260 | _c1991 | ||
| 300 | _a302გვ. | ||
| 653 | _aსამი მოთხრობა | ||
| 942 | _cBK | ||
| 999 |
_c47782 _d47782 |
||